| 000 | 01151nam a22003377a 4500 | ||
|---|---|---|---|
| 003 | CHAP | ||
| 005 | 20220329134130.0 | ||
| 008 | 971013s1980 r 00010 d | ||
| 010 | _a15890 | ||
| 011 | _a16862 | ||
| 035 | _a20944 | ||
| 040 | _cCHAP | ||
| 090 | _aTesis | ||
| 100 | 0 | 0 |
_aGuerra García, María Xóchitl. _951127 |
| 245 |
_aParámetros de producción en el ganado porcino _b: revisión bibliográfica |
||
| 260 |
_aMéxico, D.F., : _bEl autor, _c1980 |
||
| 300 | _a66 h | ||
| 502 | _aTesis ( Médico Veterinario Zootecnista) -- UNAM. Fac, de Medicina Veterinaria y Zootecnia | ||
| 590 |
_aALEPH _b10 _c20130110 _lUCH01 _h1238 |
||
| 590 |
_aBATCH-UPD _b10 _c20130110 _lUCH01 _h0011 |
||
| 590 |
_aBATCH-UPD _b10 _c20130110 _lUCH01 _h1504 |
||
| 590 |
_aBATCH-UPD _b10 _c20130409 _lUCH01 _h1949 |
||
| 590 |
_aBATCH-UPD _b10 _c20130410 _lUCH01 _h0924 |
||
| 590 |
_aBATCH-UPD _b10 _c20130914 _lUCH01 _h1519 |
||
| 590 |
_aCONVERSION _b10 _c20130109 _lUCH01 _h1310 |
||
| 650 | 1 | 4 |
_aGanado porcino _xBibliografía. _945339 |
| 650 | 1 | 4 |
_aGanado porcino _xProducción. _945399 |
| 901 | _aBK | ||
| 942 | _cTESIS | ||
| 949 |
_bBC _cTES _d-48941 _eTS1 _i20944 _si |
||
| 999 |
_c15890 _d15890 |
||